01316cam a2200301 a 4500001000400000003001000004005001700014008004100031020001800072040002500090080001600115090001600131245022400147260003800371300002000409504002500429650002700454650002700481650003200508700003200540700002900572700002800601942001200629952012000641952012000761952012000881999001301001283BR-CuiBMT20231107211527.0230919s2017 mgb 000 0 por d a9788545001577 aBR-CuiBMTcBR-CuiBMT 22007a342.9 a342.9bA23810aAdministração pública :bdesafios para a transparência, probidade e desenvolvimento : XXIX Congresso Brasileiro de Direito Administrativo /cValmir Pontes Filho, Fabrício Motta, Emerson Gabardo, coordenadores. aBelo Horizonte :bFórum,c2017. a497 p. ;c24 cm aInclui bibliografia. aDireito administrativo aDireito constitucional aAdministração pública1 aValmir Pontes Filho4coord.1 aFabrício Motta4coord.1 aEmerson Gabardo4coord. 2udccLV 00102udc4070aBIBTCEMTbBIBTCEMTd2023-06-28l0o342.9 A238pBIBTCEMT23090065r2023-09-19tEx. 1w2023-09-19yLV 00102udc4070aBIBTCEMTbBIBTCEMTd2023-11-16l0o342.9 A238pBIBTCEMT23110620r2023-11-16tEx. 2w2023-11-16yLV 00102udc4070aBIBTCEMTbBIBTCEMTd2023-11-16l0o342.9 A238pBIBTCEMT23110621r2023-11-16tEx. 3w2023-11-16yLV c283d283